Hydraulický návrh beztlakového privádzača malej vodnej elektrárne.

Salvato in:
Dettagli Bibliografici
Autore principale: Kopáčová, Alexandra, 1990- (Autore)
Altri autori: Dušička, Peter, 1962- (Relatore della tesi)
Natura: Manoscritto Libro
Lingua:slovacco
Pubblicazione: Bratislava : STU v Bratislave SvF, 2012
Soggetti:
Accesso online:VAIS
https://opac.crzp.sk/?fn=detailBiblioForm&sid=F5CC02F4999CCD7E9540FF482F74
Tags: Aggiungi Tag
Nessun Tag, puoi essere il primo ad aggiungerne!!

MARC

LEADER 00000ntm a22000003a 4500
001 stu252758
005 20230908114704.6
008 120721s2012----xo------------------slo-d
040 |a STU  |b slo 
041 0 |a slo 
044 |a xo 
100 1 |a Kopáčová, Alexandra,  |d 1990-  |4 aut  |u V  |T SvF Stavebná fakulta  |X 67757  |U V  |Y 10  |7 A000067757 
242 0 0 |a Hydraulic design of the derivation channel for small hydropower plant  |y eng 
245 1 |a Hydraulický návrh beztlakového privádzača malej vodnej elektrárne. 
260 |a Bratislava :  |b STU v Bratislave SvF,  |c 2012 
650 7 |a inžinierstvo životného prostredia  |2 stusub 
650 7 |a Environmental Engineering  |2 estusub 
650 7 |a small hydropower plant  |2 estusub 
650 7 |a malá vodná elektráreň  |2 stusub 
700 1 |a Dušička, Peter,  |d 1962-  |4 ths  |u V170  |U SvF Stavebná fakulta  |T SvF Katedra hydrotechniky  |X 977  |U V170  |Y 17  |7 A000000977 
856 4 |a info a plný text  |u http://is.stuba.sk/zp/portal_zp.pl?podrobnosti=76421  |3 VAIS 
856 4 |a CRZP  |u https://opac.crzp.sk/?fn=detailBiblioForm&sid=F5CC02F4999CCD7E9540FF482F74